| 000 | 01413nam a2200397Ii 4500 | ||
|---|---|---|---|
| 001 | DIGLOM01072 | ||
| 003 | NyNyDIG | ||
| 006 | m o d | ||
| 007 | cr ||||||||||| | ||
| 008 | 230410s2017 cl o 000 p spa d | ||
| 035 | _a(OCoLC)1377521707 | ||
| 040 |
_aDGITA _beng _erda _epn _cDGITA |
||
| 020 | _z9789560010124 | ||
| 050 | 1 | 4 | _aPQ8098.413.A24 ebook |
| 082 | 0 | 4 |
_a861.7 _223 |
| 100 | 1 |
_aCabello, César, _d1976- _eauthor. |
|
| 245 | 1 | 0 |
_aNometulafken = _bAl otro lado del mar / _cCésar Cabello. |
| 246 | 3 | 1 | _aAl otro lado del mar |
| 264 | 1 |
_aSantiago, [Chile] : _bLOM Ediciones, _c[2017] |
|
| 300 | _a1 online resource. | ||
| 336 |
_atext _btxt _2rdacontent |
||
| 337 |
_acomputer _bc _2rdamedia |
||
| 338 |
_aonline resource _bcr _2rdacarrier |
||
| 347 |
_atext file _2rdaft |
||
| 347 | _bPDF | ||
| 490 | 1 | _aColección Entre mares | |
| 588 | 0 | _aOnline resource; title from PDF title page (Digitalia, viewed April 10, 2023) | |
| 655 | 7 |
_aPoetry. _2lcgft |
|
| 791 | 2 |
_aDigitalia (Firm), _edistributor. |
|
| 793 | 0 |
_gDigitalia eBook Collection: _aLOM Ediciones |
|
| 776 | 0 | 8 |
_iPrint version: _aCabello, César, 1976- _tNometulafken. _bPrimera edición. _dSantiago, [Chile] : LOM Ediciones, 2017 _z9789560010124 |
| 830 | 0 | _aColección Entre mares. | |
| 856 | 4 | 0 |
_3Digitalia Hispánica _uhttps://www.digitaliapublishing.com/a/125580/ |
| 910 | _aPremium collection: 2023 | ||
| 942 | _cRAA | ||
| 999 |
_c277450 _d277450 |
||